000 00606nam a2200229Ia 4500
003 OSt
005 20220928114537.0
006 a|||||r|||| 00| 0
007 ta
008 220927b |||||||| |||| 00| 0 eng d
024 _a38691
037 _cTextual
040 _aSDCL
_cSDCL
_beng
041 _2eng
_aeng
082 _aV2:19(W6)'P, P3
100 _aMehta Pratap Bhanu
_9439644
245 0 _aBurden of democracy.
260 _aNew Delhi
_bPenguin Books
_c2003
300 _ax,178p.
_ccm.
942 _hV2:19(W6)'P, P3
_cTEXL
_2CC
999 _c755333
_d755333